Welcome to CU Library Online Public Access Catalogue (OPAC)

The harmony of science and Scripture, (Record no. 6703)

MARC details
000 -LEADER
fixed length control field 00577cam a22001931 4500
001 - CONTROL NUMBER
control field 10180904
005 - DATE AND TIME OF LATEST TRANSACTION
control field 20250626091944.0
008 - FIXED-LENGTH DATA ELEMENTS--GENERAL INFORMATION
fixed length control field 751009s1936 miu 000 0 eng
050 00 - LIBRARY OF CONGRESS CALL NUMBER
Classification number BS650
Item number .R5 1936
082 ## - DEWEY DECIMAL CLASSIFICATION NUMBER
Classification number 215
100 1# - MAIN ENTRY--PERSONAL NAME
Personal name Rimmer, Harry,
Dates associated with a name 1890-1952.
245 14 - TITLE STATEMENT
Title The harmony of science and Scripture,
Statement of responsibility, etc. by Harry Rimmer...
260 ## - PUBLICATION, DISTRIBUTION, ETC.
Place of publication, distribution, etc. Grand Rapids, Mich.,
Name of publisher, distributor, etc. Wm. B. Eerdmans publishing co.,
Date of publication, distribution, etc. 1936.
300 ## - PHYSICAL DESCRIPTION
Extent 3 p. l., 5-283 p.
Dimensions 20 cm.
500 ## - GENERAL NOTE
General note "Fifth edition."
650 #0 - SUBJECT ADDED ENTRY--TOPICAL TERM
Topical term or geographic name entry element Bible and science.
650 #0 - SUBJECT ADDED ENTRY--TOPICAL TERM
Topical term or geographic name entry element Religion and science.
942 ## - ADDED ENTRY ELEMENTS (KOHA)
Source of classification or shelving scheme Library of Congress Classification
Koha item type Books
Suppress in OPAC No
999 ## -
-- 6703
-- 6703
Holdings
Withdrawn status Lost status Source of classification or shelving scheme Damaged status Not for loan Collection Home library Current library Date acquired Total checkouts Full call number Barcode Date last seen Copy number Price effective from Koha item type
    Library of Congress Classification     Non-fiction Undergraduate Library (Christ Temple) Undergraduate Library (Christ Temple) 06/06/2025   BS650 RIM ulct00003531 06/26/2025 1 06/26/2025 Books
© 2023-2024 Copyright: Central University Libraries. All Rights Reserved | Created by: Mahone Tech Office